Представление документа в формате RUSMARC

Поле Инд. ПП Название Значение
Тип записи a
Библиографический уровень a
001 Контрольный номер 8b4e3da42a3746a186b9b4100b816406
005 Дата корректировки 20181120134523.7
100 a Данные общей обработки 20180606 ||| 0rusy0189 ca
101 0_ a Язык текста rus
102 a Страна публикации RU
200 1_ a Заглавие Увольнение работника по причине разглашения им охраняемой законом тайны, ставшей известной ему в связи с исполнением им трудовых обязанностей
200 1_ f Первые сведения об ответственности И.И. Андриановская
210 d Дата издания 2018
461 _0 1 2000
a Вопросы трудового права
463 _0 1 2000
a № 3
v С. 13-17
1 2101
d 2018
1 001a0f65fec85d44dc3831ced655316d0c0
606 a Основная рубрика Трудовое право
610 0_ a Ключевые слова УВОЛЬНЕНИЕ
700 _1 a Фамилия Андриановская
b Имя И.И.
801 _0 a Страна RU
b Организация РГУП
c Дата составления 20180606
g Правила каталогизации PSBO
801 _1 a Страна RU
b Организация РГУП
c Дата составления 20180606
g Правила каталогизации PSBO
901 t Тип документа b
w Контрольный № источника a0f65fec85d44dc3831ced655316d0c0
905 a Дата ввода 20180606